Velmi osobní kniha o zdraví /
Jsme obyvatelé přepychové části Země. Máme dostatek vody a jídla. Můžeme studovat podle chuti a zájmů, většina z nás si vybírá, co bude v životě dělat. Pokud onemocníme, jsme obklopeni kvalitní dostupnou péčí a blahobytem. Zároveň jsou ale mnozí věčně unavení, přejedení, nespokojení a stále ve spěch...
Uloženo v:
| Hlavní autor: | |
|---|---|
| Další autoři: | , |
| Médium: | E-audiokniha |
| Vydáno: |
Praha :
Albatros Media a.s.,
2018
|
| Tagy: |
Žádné tagy |
| LEADER | 02833nim a22005897i 4500 | ||
|---|---|---|---|
| 001 | 313008 | ||
| 007 | sr nunnnnnnned | ||
| 024 | |a 8594050425910 | ||
| 044 | |a xr | ||
| 100 | 1 | |a Slimáková, Margit |4 aut | |
| 245 | 1 | 0 | |a Velmi osobní kniha o zdraví / |c Slimáková, Margit |
| 264 | 1 | |a Praha : |b Albatros Media a.s., |c 2018 | |
| 300 | |a 1 online zdroj (10 hod., 48 min., 0 sek.) | ||
| 336 | |a mluvené slovo |b spw |2 rdacontent | ||
| 337 | |a audio |b s |2 rdamedia | ||
| 338 | |a online zdroj |b cr |2 rdacarrier | ||
| 505 | 0 | 0 | |t Kapitola 1 (1) (25 min., 11 sek.) |
| 505 | 0 | 0 | |t Kapitola 1 (2) (40 min., 0 sek.) |
| 505 | 0 | 0 | |t Kapitola 2 (36 min., 41 sek.) |
| 505 | 0 | 0 | |t Kapitola 3 (26 min., 30 sek.) |
| 505 | 0 | 0 | |t Kapitola 4 (34 min., 3 sek.) |
| 505 | 0 | 0 | |t Kapitola 5 (1) (30 min., 6 sek.) |
| 505 | 0 | 0 | |t Kapitola 5 (2) (38 min., 16 sek.) |
| 505 | 0 | 0 | |t Kapitola 6 (24 min., 38 sek.) |
| 505 | 0 | 0 | |t Kapitola 7 (18 min., 38 sek.) |
| 505 | 0 | 0 | |t Kapitola 8 (24 min., 35 sek.) |
| 505 | 0 | 0 | |t Kapitola 9 (15 min., 40 sek.) |
| 505 | 0 | 0 | |t Kapitola 10 (1) (24 min., 59 sek.) |
| 505 | 0 | 0 | |t Kapitola 10 (2) (19 min., 56 sek.) |
| 505 | 0 | 0 | |t Kapitola 11 (27 min., 21 sek.) |
| 505 | 0 | 0 | |t Kapitola 12 (28 min., 20 sek.) |
| 505 | 0 | 0 | |t Kapitola 13 (1) (29 min., 55 sek.) |
| 505 | 0 | 0 | |t Kapitola 13 (2) (18 min., 31 sek.) |
| 505 | 0 | 0 | |t Kapitola 14 (36 min., 42 sek.) |
| 505 | 0 | 0 | |t Kapitola 15 (1) (5 min., 48 sek.) |
| 505 | 0 | 0 | |t Kapitola 15 (2) (22 min., 31 sek.) |
| 505 | 0 | 0 | |t Kapitola 16 (29 min., 14 sek.) |
| 505 | 0 | 0 | |t Kapitola 17 (30 min., 2 sek.) |
| 505 | 0 | 0 | |t Kapitola 18 (8 min., 52 sek.) |
| 505 | 0 | 0 | |t Kapitola 19 (9 min., 33 sek.) |
| 505 | 0 | 0 | |t Kapitola 20 (10 min., 12 sek.) |
| 505 | 0 | 0 | |t Kapitola 21 (7 min., 58 sek.) |
| 505 | 0 | 0 | |t Kapitola 22 (5 min., 1 sek.) |
| 505 | 0 | 0 | |t Kapitola 23 (1) (19 min., 0 sek.) |
| 505 | 0 | 0 | |t Kapitola 23 (2) (35 min., 2 sek.) |
| 520 | 2 | |a Jsme obyvatelé přepychové části Země. Máme dostatek vody a jídla. Můžeme studovat podle chuti a zájmů, většina z nás si vybírá, co bude v životě dělat. Pokud onemocníme, jsme obklopeni kvalitní dostupnou péčí a blahobytem. Zároveň jsou ale mnozí věčně unavení, přejedení, nespokojení a stále ve spěchu. Může to být jinak? Ano! Univerzální recept nemám, ale nabízím střípky ověřených doporučení a nápadů, jak o sebe v tomto hektickém světě co nejlépe pečovat. | |
| 700 | 1 | |a Gelnar, Petr |4 nrt | |
| 700 | 1 | |a Mařasová, Jana |4 nrt | |
| 910 | |a RBIT002 | ||
| 998 | |d 206598 |a https://core.palmknihy.cz/api/books/206598/cover?sjba49 |b https://core.palmknihy.cz/api/books/206598/cover/400?sjba49 |c https://core.palmknihy.cz/api/books/206598/cover/50?sjba49 |e 2050-12-31 |i 8594050425910 |l 38880 |q 49 |r 1 |s https://www.palmknihy.cz/kniha/206598 |t audiobook |y 2018 |z 1 | ||
| 999 | |d 313006 | ||